Automated Online Clearance System (AOCS). (Record no. 58519)

MARC details
000 -LEADER
fixed length control field 00540nam a2200181Ia 4500
082 ## - DEWEY DECIMAL CLASSIFICATION NUMBER
Classification number R/5BS(CS)12
100 ## - MAIN ENTRY--AUTHOR NAME
Personal name Bazgha Sajjad
100 ## - MAIN ENTRY--AUTHOR NAME
Personal name Roll No. 12BS(CS)01
100 ## - MAIN ENTRY--AUTHOR NAME
Personal name Supervisor - Mr. Zuhaib A. Shaikh
245 #0 - TITLE STATEMENT
Title Automated Online Clearance System (AOCS).
260 ## - PUBLICATION, DISTRIBUTION, ETC. (IMPRINT)
Place of publication Nawabshah
Name of publisher QUEST
Year of publication 2016
300 ## - PHYSICAL DESCRIPTION
Number of Pages 38p
700 ## - ADDED ENTRY--PERSONAL NAME
Personal name Anam Zaman (Roll No. 12BS(CS)14)
700 ## - ADDED ENTRY--PERSONAL NAME
Personal name Jawaria (Roll No. 12BS(CS)35)
700 ## - ADDED ENTRY--PERSONAL NAME
Personal name Mariya Mustafa (Roll No. 12BS(CS)16)
700 ## - ADDED ENTRY--PERSONAL NAME
Personal name Arifa Keerio (Roll No. 12BS(CS)50)
942 ## - ADDED ENTRY ELEMENTS (KOHA)
Koha item type Thesis and Dissertation
Holdings
Withdrawn status Lost status Home library Current library Date acquired Full call number Accession Number Koha item type
    Research Section Research Section 24/04/2018 R/5BS(CS)12 BCSP/13-128 Thesis and Dissertation